| 000 | 00961cam a22002655a 4500 | ||
|---|---|---|---|
| 001 | 17701236 | ||
| 005 | 20160517111112.0 | ||
| 008 | 130417s2014 nyua frb f001 0 eng d | ||
| 020 | _a9780521136914 (pbk.) | ||
| 040 |
_aDLC _beng _cDLC _dEG-ScBUE |
||
| 043 |
_ama----- _an-us--- |
||
| 082 | 0 | 4 |
_a327.1 _222 _bCAR |
| 100 | 1 |
_aCarapico, Sheila. _939997 |
|
| 245 | 1 | 0 |
_aPolitical aid and Arab activism : _bdemocracy promotion, justice, and representation / _cSheila Carapico. |
| 260 |
_aNew York : _bCambridge University Press, _c2014. |
||
| 300 |
_axii, 250 p. : _bill. ; _c24 cm. |
||
| 490 | 0 | _aCambridge middle east studies. | |
| 500 | _aIndex : p. 235-250. | ||
| 504 | _aBibliography : p. 213-234. | ||
| 650 | 0 |
_aDemocratization _xGovernment policy _zUnited States. _2BUEsh |
|
| 651 | 0 |
_aUnited States _xForeign relations _zMiddle East. _2BUEsh |
|
| 651 | 0 |
_aMiddle East _xForeign relations _zUnited States. _2BUEsh |
|
| 653 |
_bBUSBOL _cMay2016 |
||
| 942 | _2ddc | ||
| 999 |
_c21761 _d21733 |
||